| 000 | 00618nam a22001691cc4500 | ||
|---|---|---|---|
| 001 | aaaadap+6-2 | ||
| 035 | _aaaaadap | ||
| 008 | 170707s1995 gw |||| 000u ger d | ||
| 245 | 0 | 0 |
_aAkten zur deutschen auswärtigen Politik 1918-1945 _n6/2 _p16. März bis 14. November 1937 |
| 264 |
_aGöttingen : _bVandenhoeck & Ruprecht, _c1995 |
||
| 246 | 1 | 2 |
_aAkten zur deutschen auswärtigen Politik 1918-1945. 16. März bis 14. November 1937 _n6/2 |
| 773 | 0 | 8 |
_waaaadap _q6-2 |
| 856 | 4 | _uhttp://nbn-resolving.de/urn/resolver.pl?urn=urn:nbn:de:bvb:12-bsb00045939-1 | |
| 942 | _cMG | ||
| 040 | _cRU-10907106 | ||
| 003 | RU-10907106 | ||
| 999 |
_c45215 _d45215 |
||